| 000 | 00374nam a2200133Ia 4500 | ||
|---|---|---|---|
| 005 | 20260328101521.0 | ||
| 008 | 260328s9999||||xx |||||||||||||| ||und|| | ||
| 100 | _aCosta Duran, Sergi | ||
| 245 | 0 |
_aEco House : _b Practical Ideas for a Greener, Healthier Dwelling / _cSergi Costa Duran |
|
| 260 | _bFirefly | ||
| 300 | _a159 p. | ||
| 650 | _aARQUITECTURA Y CLIMA | ||
| 942 | _cBK | ||
| 999 |
_c9616 _d9616 |
||